जगावेगळ्या व्यक्ती (Record no. 365651)
[ view plain ]
| 000 -LEADER | |
|---|---|
| fixed length control field | 00366nam a22001337a 4500 |
| 005 - DATE AND TIME OF LATEST TRANSACTION | |
| control field | 20250320135543.0 |
| 008 - FIXED-LENGTH DATA ELEMENTS--GENERAL INFORMATION | |
| fixed length control field | 250320b |||||||| |||| 00| 0 eng d |
| 041 ## - LANGUAGE CODE | |
| Language code of text/sound track or separate title | Mar. |
| 100 ## - MAIN ENTRY--PERSONAL NAME | |
| Author | पटवर्धन, प्रमिला |
| 245 ## - TITLE STATEMENT | |
| Title | जगावेगळ्या व्यक्ती |
| 260 ## - PUBLICATION, DISTRIBUTION, ETC. | |
| Place of publication, distribution, etc. | Pune |
| Name of publisher, distributor, etc. | Pornima |
| 300 ## - PHYSICAL DESCRIPTION | |
| Extent | 64 |
| 942 ## - ADDED ENTRY ELEMENTS (KOHA) | |
| Koha item type | Donated Book |
| Withdrawn status | Lost status | Source of classification or shelving scheme | Damaged status | Not for loan | Home library | Current library | Date acquired | Vendor | Cost, normal purchase price | Barcode | Date last seen | Bill Date | Koha item type | Original Barcode |
|---|---|---|---|---|---|---|---|---|---|---|---|---|---|---|
| Dewey Decimal Classification | Shri Siddhivinayak Mahila Mahavidyalaya | Shri Siddhivinayak Mahila Mahavidyalaya | 20/03/2025 | Aurangabadkar Amrapali | 50.00 | SSMM-BK-29452 | 20/03/2025 | 20/03/2025 | Donated Book | 010029452 |